| 000 | 00384nam a2200133Ia 4500 | ||
|---|---|---|---|
| 008 | 210430s9999 xx 000 0 und d | ||
| 020 | _a978-969-417-172-2 | ||
| 082 | _a632.95 K451 P | ||
| 100 | _aDr.Iqtidar Ahmad Khalil | ||
| 245 |
_aPesticide Chemistry and Its Uses in Pakistan _cDr.Iqtidar Ahmad Khalil |
||
| 260 |
_aSCME _bIslamabad _c2011 |
||
| 300 | _a246 P | ||
| 942 |
_cBK _2ddc |
||
| 999 |
_c564977 _d564977 |
||